[Event "Hessen-ch U12"]
[Site "Bad Homburg"]
[Date "2014.??.??"]
[Round "2"]
[White "Boerkey, Luis"]
[Black "Everett, Josias"]
[Result "1-0"]
[WhiteElo "918"]
[BlackElo "764"]
[PlyCount "103"]
[EventDate "2014.04.??"]
[EventType "swiss"]
[EventRounds "9"]
[EventCountry "GER"]
[SourceTitle "EXT 2022"]
[Source "ChessBase"]
[SourceDate "2021.10.06"]
[SourceVersion "1"]
[SourceVersionDate "2021.10.06"]
[SourceQuality "1"]

1. e4 e5 2. Nf3 Nc6 3. Nc3 Bc5 4. Nxe5 Nxe5 5. d4 Bxd4 6. Qxd4 Nc6 7. Qd1 Nf6 8. Bg5 0-0 9. Qe2 h6 10. Bxf6 Qxf6 11. Qd2 d6 12. Nd5 Qd8 13. Bc4 Ne5 14. Qd4 c5 15. Qc3 Be6 16. Ne3 Nxc4 17. Nxc4 Qg5 18. 0-0 Qf6 19. Qb3 Bxc4 20. Qxc4 Qf4 21. Qd5 b6 22. Rfe1 Rad8 23. Rad1 Qe5 24. Qxe5 dxe5 25. h3 g6 26. b3 f5 27. Rxd8 Rxd8 28. exf5 gxf5 29. Rxe5 Rd2 30. Rxf5 Rxc2 31. a4 Rc3 32. Rf6 Rxb3 33. Rxh6 a6 34. a5 bxa5 35. Rxa6 Rb5 36. Kf1 c4 37. Ke2 Rb2+ 38. Kf1 c3 39. Ke1 Rxf2 40. Kxf2 c2 41. Rc6 Kf7 42. Rxc2 Ke6 43. Ra2 Kf5 44. Rxa5+ Kg6 45. g4 Kh6 46. h4 Kg6 47. Kf3 Kh6 48. Rg5 Kh7 49. Kf4 Kh6 50. Kf5 Kh7 51. Kf6 Kh6 52. Rh5# 1-0